000 00302nam a2200121Ia 4500
008 191201s2008 xx 000 0 und d
100 _aSRIVASTAVA, H.C.
245 0 _aEngineering Chemistry
260 _aN. delhi
_bPragati Prakashan Meerut
_c2008
300 _a288
650 _aApplied
942 _2ddc
_cBK
999 _c6631
_d6631